Statistics for World Capital Bullseye #20

Click here to take the quiz!

General Stats

  • This quiz has been taken 63 times
  • The average score is 29 of 33

Answer Stats

Capital City% Correct
Algiers
98%
Bern
98%
Cairo
98%
Monaco
96%
Paris
96%
Tunis
96%
Vienna
96%
Madrid
95%
Tripoli
95%
Valletta
95%
Vatican City
95%
Ljubljana
93%
Podgorica
93%
Rabat
93%
Tirana
93%
Belgrade
91%
ROME
91%
San Marino
91%
Sarajevo
91%
Athens
89%
Lisbon
89%
Luxembourg
89%
Skopje
88%
Andorra la Vella
86%
Pristina
86%
Zagreb
86%
Prague
84%
Vaduz
84%
Nouakchott
66%
Niamey
61%
Damascus
57%
Beirut
55%
Ouagadougou
41%

Score Distribution

Percentile by Number Answered

Percent of People with Each Score

Your Score History

You have not taken this quiz